İstiklal Mahkemesi hatıraları/ (Record no. 14198)

MARC details
000 -BAŞLIK
Sabit Uzunlukta Kontrol Alanı 00608nam a22001937a 4500
999 ## - SİSTEM KONTROL NUMARALARI (KOHA)
Koha Biblionumber 14198
Koha Biblioitemnumber 14198
003 - KONTROL NUMARASI IDENTIFIER
Denetim Alanı MIRAKIL
005 - SON İŞLEM TARİHİ VE ZAMANI
Denetim Alanı 20201113145956.0
008 - SABİT-BOY VERİ ELEMANLARI - GENEL BİLGİLER
Sabit Uzunlukta Kontrol Alanı 201113b tu ||||| |||| 00| 0 tur d
040 ## - KATALOGLAMA KAYNAK
Orijinal Kataloglama Ajansı TR-AnCHP
Kataloglama Dili tur
Metne Dönüştürmek Ajansı TR-AnCHP
082 ## - DEWEY ONLU SINIFLANDIRMA NUMARASI
Sınıflandırma Numarası ATA 956.1024
Ürün Numarası K44i 1997
100 1# - ANA GİRİŞ - KİŞİSEL İSİM
Kişisel Ad Kılıç, Ali
245 ## - BAŞLIK TABLOSU
Başlık İstiklal Mahkemesi hatıraları/
Sorumluluk Tablosu, Vb Kılıç Ali.
260 ## - YAYIN, DAĞITIM, VB
Yayın, Dağıtım, Vb Yeri İstanbul:
Yayıncı, Dağıtıcı, Vs Adı Yenigün Haber Ajansı,
Yayın, Dağıtım, Vb Tarihi 1997.
300 ## - FİZİKSEL TANIM
Kapsam 143 s.:
Boyutlar 18 sm.
600 14 - KONU KATMA GİRİŞ - KURUMSAL ADI
Kişisel Ad Kılıç, Ali
Bir Adıyla İlişkilendirilen Tarihler 1889-1971
Genel Alt Bölümü Anılar
9 (RLIN) 4779
650 #0 - KONU KATMA GİRİŞ - TOPİKAL DÖNEM
9 (RLIN) 4
Topikal Süreli Veya Coğrafi Ad Giriş Elemanı Türkiye
Genel Alt Bölümü Tarih
-- İstiklal Mahkemeleri
651 ## - KONU KATMA GİRİŞ - COĞRAFİ ADI
Coğrafi İsim Türkiye
Genel Alt Bölümü Siyaset ve yönetim
942 ## - EKLENDİ GİRİŞ ELEMANLARI (KOHA)
Sınıflandırma Veya Raf Düzeni Kaynak Dewey Decimal Classification
Koha Öğesi Türü Books
Holdings
Kalıcı Konum Mevcut Konum Edinme Tarihi Toplam Check-Out'Lar Tam Çağrı Numarası Barkod Tarih Son Görülme İtibaren Geçerli Fiyatlar Sigara Kamu Notu Koha Öğesi Türü
CHP Kütüphanesi CHP Kütüphanesi 11/13/2020   956.1024 K44i 1997 019728 11/13/2020 11/13/2020 Emine Başak Alkan Bağışıdır. Books